000 01044nam a22002897a 4500
003 IIN
005 20250506121628.0
008 250506s2024 |||adc|| |||| 001 0 eng d
020 _a9788131267691
_cRs.3265.00
040 _aIIN
082 _a610.72699
_bBLA
100 _aBlack, Joyce M.
245 _aBlack's Adult Health Nursing II
_bwith integrated Pathophysiology including Geriatric Nursing: Clinical Management for positive outcomes (Sem-IV)/
_cJoyce M. Black & Jane Hokanson Hawks; edited by Malarvizhi S. & Renuka K.
250 _a2nd ed.
_bSouth Asian Edition
260 _aNew Delhi
_bElsevier
_c2024
300 _axvii, 1041-1575 [12] p./ vol.2
_bcol. ill.
500 _aIncludes Index
650 _aAdult Health
_vNursing
650 _aMedical Surgical
_vNursing
650 _aPathophysiology
_vAdult Health
_xNursing
650 _aPathophysiology
_vMedical Surgical
_xNursing
650 _aGeriatric
_vNursing
700 _aHawks, Jane Hokanson
700 _aS., Malarvizhi (ed)
700 _aK., Renuka (ed)
942 _cBOOK
999 _c1800
_d1800